000 01076nam a22003137a 4500
001 6326
003 FISKH
005 20250422111002.0
008 250422b cb ||||| |||| 00| 0 eng d
020 _a9780439263207
040 _aFISKH
_beng
_cFISKH
_dFISKH
050 _aTL540.W7 S84
082 _a629.1300922
100 _aSullivan , George
245 _aThe wright brothers /
_cBy George Sullivan
250 _aFirst printing , March 2002
260 _aNew York :
_bScholastic ;
_c2002.
300 _a127 pages :
_billustrations ;
_c19 cm .
490 _aIn Their Own Words
505 _aU
520 _aA biography of the brothers responsible for developing the first airplane, featuring excerpts from their journal entries, letters and drawings.
521 8 _a840
_bLexile
521 8 _aU
_bRaz-Plus
650 _aWright, Wilbur 1871-1948
_vJuvenile Literature
650 _aWright, Wilbur 1867-1912
_vJuvenile Literature
650 _aAeronautic-United States-Biography
_vJuvenile Literature
942 _2ddc
_cBK
_n0
999 _c6326
_d6326